Sports Quiz

Random Sports or Soccer Quiz
Score 0/74 Timer 20:00
10 Plays Today
Club Joueur % Correct
Paris Saint-GermainKylian Mbappé
97.2%
Real MadridKarim Benzema
95.3%
Manchester CityBenjamin Mendy
94.9%
Real MadridFerland Mendy
94.9%
Manchester CityAymeric Laporte
93.8%
Manchester UnitedPaul Pogba
92.5%
Juventus TurinAdrien Rabiot
91.6%
Real MadridRaphael Varane
91.6%
ChelseaNgolo Kanté
91.6%
ChelseaOlivier Giroud
91.4%
BarceloneAntoine Griezmann
89.7%
Manchester UnitedAnthony Martial
89.5%
Paris Saint-GermainPresnel Kimpembe
89.3%
Olympique de MarseilleSteve Mandanda
87.9%
Bayern MunichLucas Hernandez
86.5%
Olympique de MarseilleDimitri Payet
85.9%
Olympique de MarseilleFlorian Thauvin
85.4%
Bayern MunichBenjamin Pavard
85%
BarceloneClément Lenglet
83.4%
Barcelone Ousmane Dembélé
81.3%
Bayern MunichKingsley Coman
81.1%
OlympiakosMathieu Valbuena
79.7%
RB LeipzigDayot Upamecano
79.2%
MönchengladbachMarcus Thuram
79%
ChelseaKurt Zouma
78.4%
BarceloneSamuel Umtiti
78.3%
Atletico de MadridThomas Lemar
77.8%
Paris Saint-GermainLayvin Kurzawa
77.6%
Bayern MunichCorentin Tolisso
77.4%
RB LeipzigChristopher Nkunku
71.3%
Olympique de MarseilleMorgan Sanson
71.1%
Stade RennaisEduardo Camavinga
70.4%
Paris Saint-GermainAbdou Diallo
69.6%
MönchengladbachAlassane Plea
69.3%
Paris Saint-GermainColin Dagba
67.9%
Olympique de MarseilleValère Germain
67.6%
Bayern MunichBouna Sarr
64.4%
Club Joueur % Correct
FC PortoMalang Sarr
63.9%
Olympique de MarseilleJordan Amavi
63.9%
Stade RennaisSteven Nzonzi
62.6%
Olympique de MarseilleValentin Rongier
61.9%
Olympique de MarseilleBoubacar Kamara
61.5%
FC SévilleJules Koundé
56.4%
Olympique de MarseilleMichael Cuisance
55.4%
Stade RennaisDamien Da Silva
54.4%
Krasnodar Rémy Cabella
54.1%
Stade RennaisBenjamin Bourigeaud
52.8%
Olympique de MarseilleYohann Pelé
47.8%
RB LeipzigNordi Mukiele
47.3%
Stade RennaisClément Grenier
46.1%
Borussia DortmundDan-Axel Zagadou
42.9%
RB LeipzigIbrahima Konaté
37.6%
Stade RennaisMartin Terrier
37.4%
Stade RennaisAdrien Hunou
35.1%
BasaksehirEnzo Crivelli
32.5%
Stade RennaisSerhou Guirassy
31.3%
Stade RennaisRomain Del Castillo
30%
Olympique de MarseillePape Gueye
29.1%
OlympiakosYann M'Vila
28.5%
Paris Saint-GermainAlexandre Letellier
26.9%
Stade RennaisFlavien Tait
25.9%
Stade RennaisRomain Salin
23.9%
Olympique de MarseilleLucas Perrin
23%
Stade RennaisFaitout Maouassa
21.5%
Stade RennaisAdrien Truffert
21.1%
Stade RennaisJonas Martin
18.3%
Stade RennaisJames Léa Siliki
15.1%
Stade RennaisBrandon Soppy
14%
Stade RennaisYann Gboho
12.6%
Olympique de MarseilleChristopher Rocchia
11.1%
Stade RennaisGerzino Nyamsi
10%
MönchengladbachMamadou Doucouré
8.6%
RB SalzbourgAntoine Bernede
7.3%
RB SalzbourgOumar Solet
6.3%
Remove Ads.
Support Sporcle.
Get the best of Sporcle when you Go Orange. This ad-free experience offers more features, more stats, and more fun while also helping to support Sporcle. Thank you for becoming a member.

You're not logged in!

Compare scores with friends on all Sporcle quizzes.
OR
Log In

Show Comments

Extras

Top Quizzes Today


Score Distribution

Your Account Isn't Verified!

In order to create a playlist on Sporcle, you need to verify the email address you used during registration. Go to your Sporcle Settings to finish the process.

Report this User

Report this user for behavior that violates our Community Guidelines.

Details: